<?xml version="1.0" encoding="UTF-8"?>
<record
    xmlns:xsi="http://www.w3.org/2001/XMLSchema-instance"
    xsi:schemaLocation="http://www.loc.gov/MARC21/slim http://www.loc.gov/standards/marcxml/schema/MARC21slim.xsd"
    xmlns="http://www.loc.gov/MARC21/slim">

  <leader>04167nam a22003255i 4500</leader>
  <controlfield tag="003">EG-ScBUE</controlfield>
  <controlfield tag="005">20230103094600.0</controlfield>
  <controlfield tag="008">160810s2015    enka   f b    001 0 eng d</controlfield>
  <datafield tag="020" ind1=" " ind2=" ">
    <subfield code="a">1472534409</subfield>
  </datafield>
  <datafield tag="020" ind1=" " ind2=" ">
    <subfield code="a">9781472534408</subfield>
  </datafield>
  <datafield tag="040" ind1=" " ind2=" ">
    <subfield code="a">EG-ScBUE</subfield>
    <subfield code="b">eng</subfield>
    <subfield code="e">rda</subfield>
    <subfield code="c">EG-ScBUE</subfield>
    <subfield code="d">EG-ScBUE</subfield>
  </datafield>
  <datafield tag="082" ind1="0" ind2="4">
    <subfield code="2">22</subfield>
    <subfield code="a">741.6</subfield>
    <subfield code="b">YAT</subfield>
  </datafield>
  <datafield tag="100" ind1="1" ind2=" ">
    <subfield code="9">40723</subfield>
    <subfield code="a">Yates, Derek&#x200F;,</subfield>
    <subfield code="e">author.</subfield>
  </datafield>
  <datafield tag="245" ind1="1" ind2="0">
    <subfield code="a">Communication design : </subfield>
    <subfield code="b">insights from the creative industries /</subfield>
    <subfield code="c">Derek Yates, Jessie Price.</subfield>
  </datafield>
  <datafield tag="264" ind1=" " ind2="1">
    <subfield code="a">London ;</subfield>
    <subfield code="a">New York, NY</subfield>
    <subfield code="b">Fairchild Books / Bloomsbury Publishing Plc,</subfield>
    <subfield code="c">2015.</subfield>
  </datafield>
  <datafield tag="300" ind1=" " ind2=" ">
    <subfield code="a">208 pages :</subfield>
    <subfield code="b">color illustrations ;</subfield>
    <subfield code="c">27 cm.</subfield>
  </datafield>
  <datafield tag="336" ind1=" " ind2=" ">
    <subfield code="2">rdacontent</subfield>
    <subfield code="a">text</subfield>
    <subfield code="b">txt</subfield>
  </datafield>
  <datafield tag="337" ind1=" " ind2=" ">
    <subfield code="2">rdamedia</subfield>
    <subfield code="a">unmediated</subfield>
    <subfield code="b">n</subfield>
  </datafield>
  <datafield tag="338" ind1=" " ind2=" ">
    <subfield code="2">rdacarrier</subfield>
    <subfield code="a">volume</subfield>
    <subfield code="b">nc</subfield>
  </datafield>
  <datafield tag="490" ind1="0" ind2=" ">
    <subfield code="a">Required reading range</subfield>
  </datafield>
  <datafield tag="504" ind1=" " ind2=" ">
    <subfield code="a">Includes bibliographical references and index.
</subfield>
  </datafield>
  <datafield tag="505" ind1=" " ind2=" ">
    <subfield code="a">Introduction -- Brand : Systems --  In conversation with Mason Wells, Biblioth&#xE8;que Design -- Strategy -- In conversation with Mat Heinl, Moving Brands -- Ecosystems -- In conversation with Simon Manchipp, SomeOne -- Authenticity -- Heritage --
Experience : Motion graphics -- In conversation with Shane Walter, onedotzero -- Environment -- In conversation with Kate Dawkins, designer and director -- Play -- In conversation with Kevin Palmer and Matt Wade, Kin -- Touch -- Experiential marketing -- Conversation : Collaboration -- In conversation with Matt Webb, BERG London -- Iteration -- Prototyping -- In conversation with Mills, usTwo -- User testing -- Participation : Behavior change -- In conversation with Adrian Ho, Zeus Jones -- Generative systems -- In conversation with Hashem Bajwa, DE-DE and Droga5 -- Participation and advertising -- In conversation with Karsten Schmidt -- Open source --
Navigation : Information overload -- Curation -- In conversation with Will Hudson, It's Nice That -- Visualizing data -- In conversation with Max Gadney, After the Flood -- Beautiful data  -- In conversation with Stefanie Posavek, designer --
Advocacy : Activism -- In conversation with Lucienne Roberts, LucienneRoberts+ -- Social responsibility -- In conversation with Tara Austin and Paco Conde, Ogilvy &amp; Mather -- Sustainability --  In conversation with Nat Hunter, Airside and RSA --
Critique : Design discourse -- Design publishers -- In conversation with Adrian Shaughnessy, Intro, Unit Editions, ShaughnessyWorks -- Speculative design ; In conversation with Anthony Dunne and Fiona Raby, Dunne &amp; Raby -- Research/content -- In conversation with Lindsay Liu, Method.</subfield>
  </datafield>
  <datafield tag="520" ind1=" " ind2=" ">
    <subfield code="a">"The success of a piece of communication has always been dependent on the connection between content, form, audience and context - what the message is, who it's aimed at, what it looks like, and how and where it's communicated. In recent years the balance between these elements has shifted. Graphic and communication designers have traditionally offered style and packaging solutions for brands and products. However, as the nature and complexity of brands has changed within our economy, a designer's ability to analyse, understand and clarify has become ever more important. In this world, the thinking behind a communication outcome is much more significant to the income of a creative agency, and designers are often employed to help a client understand what sort of design they need, rather than simply to style up what a client thinks they want. It is this shift in the designer's role that this book examines, through themes of brand, experience, conversation, participation, navigation, advocacy and critique. Providing educators, students and design practitioners with an overview of the most important and exciting developments in contemporary communication design, Communication Design identifies a series of emerging modes of creative practice to help clarify the mind and skill-sets that are inherent to successful working practice"</subfield>
  </datafield>
  <datafield tag="650" ind1=" " ind2="7">
    <subfield code="a">Visual communication.</subfield>
    <subfield code="2">BUEsh</subfield>
    <subfield code="9">37792</subfield>
  </datafield>
  <datafield tag="650" ind1=" " ind2="7">
    <subfield code="9">40725</subfield>
    <subfield code="a">Graphic arts.</subfield>
    <subfield code="2">BUEsh</subfield>
  </datafield>
  <datafield tag="653" ind1=" " ind2=" ">
    <subfield code="b">COMAME</subfield>
    <subfield code="c">August 2016	</subfield>
  </datafield>
  <datafield tag="655" ind1=" " ind2=" ">
    <subfield code="v">Reading book</subfield>
  </datafield>
  <datafield tag="700" ind1="1" ind2=" ">
    <subfield code="9">40724</subfield>
    <subfield code="a">Price, Jessie&#x200F; </subfield>
    <subfield code="c">(Graphic artist)&#x200F;.</subfield>
    <subfield code="e">author.</subfield>
  </datafield>
  <datafield tag="942" ind1=" " ind2=" ">
    <subfield code="2">ddc</subfield>
    <subfield code="e">22</subfield>
    <subfield code="k">741.6 YAT</subfield>
    <subfield code="c">BB</subfield>
  </datafield>
  <datafield tag="999" ind1=" " ind2=" ">
    <subfield code="c">22160</subfield>
    <subfield code="d">22132</subfield>
  </datafield>
  <datafield tag="952" ind1=" " ind2=" ">
    <subfield code="0">0</subfield>
    <subfield code="1">0</subfield>
    <subfield code="2">ddc</subfield>
    <subfield code="4">0</subfield>
    <subfield code="7">0</subfield>
    <subfield code="8">Baccah</subfield>
    <subfield code="a">MAIN</subfield>
    <subfield code="b">MAIN</subfield>
    <subfield code="c">2ND</subfield>
    <subfield code="d">2016-08-10</subfield>
    <subfield code="e">Purchase</subfield>
    <subfield code="g">405.00</subfield>
    <subfield code="h">25840</subfield>
    <subfield code="l">1</subfield>
    <subfield code="m">6</subfield>
    <subfield code="o">741.6 YAT</subfield>
    <subfield code="p">000033210</subfield>
    <subfield code="r">2025-07-15 00:00:00</subfield>
    <subfield code="s">2017-10-02</subfield>
    <subfield code="v">506.25</subfield>
    <subfield code="w">2016-08-10</subfield>
    <subfield code="y">BB</subfield>
  </datafield>
</record>
